Visualizzazione normale
Vista MARC
- Billé Sergio (et al.)
di Personal Name
Records bibliografici associati: 1
001 - CONTROL NUMBER
- control field: 63661
003 - CONTROL NUMBER IDENTIFIER
- control field:
005 - DATE AND TIME OF LATEST TRANSACTION
- control field: 20260413145023.0
008 - FIXED-LENGTH DATA ELEMENTS
- fixed length control field: 260413|| aca||aabn | a|a d
040 ## - CATALOGING SOURCE
- Original cataloging agency:
- Transcribing agency:
100 ## - HEADING--PERSONAL NAME
- Personal name: Billé Sergio (et al.)
670 ## - SOURCE DATA FOUND
- Source citation: Work cat.: ()246353: Billé Sergio (et al.), Valori, consumi e stili di vita degli italiani. Dentro la crisi delle famiglie, 2004